| 000 | 00000nam##2200000za#4500 |
| 001 | 9.545502 |
| 003 | CaOODSP |
| 005 | 20200709171229 |
| 007 | ta |
| 008 | 150406|2007||||xxc||||| f|0| 0 eng|d |
| 040 | |aCaOODSP|beng |
| 041 | |aeng |
| 041 | |afre |
| 043 | |an-cn--- |
| 086 | 1 |aRv55-5/2007-036 |
| 110 | 2 |aCanada Border Services Agency. |
| 245 | 10|aUse of business numbers by non-commercial importers and one-time commercial importers |
| 260 | |aOttawa - Ontario : |bCanada Border Services Agency |
| 300 | |aEnglish text, [1]p. ; |c28 cm. |
| 490 | 1 |aCustoms notice |v07-036, December 7, 2007 |
| 563 | |aLoose-leaf |
| 776 | 0#|tUse of business numbers by non-commercial importers and one-time commercial importers |w(CaOODSP)9.563576 |
| 776 | 0#|tUtilisation de numéros d'entreprises par les importateurs non-commerciaux et importateurs occasionnels |w(CaOODSP)9.595497 |
| 792 | |tUtilisation de numéros d'entreprises par les importateurs non-commerciaux et importateurs occasionnels |efre|w(CaOODSP)9.545503 |
| 830 | #0|aCustoms notice ;|v07-036, December 7, 2007|w(CaOODSP)9.510756 |